000 00802nam a2200265 a 4500
001 000025090
003 DO-SdBPM
005 20250407115156.0
007 000025090
008 110210s2018 dr 001 f spa d
040 _aDO-SdBPM
_bspa
_cBPMSU
082 4 _aRD863.44
_bG594a 2018
_222
100 1 _aGoede, Johanna,
_d1955-
245 1 0 _aAgüita /
_cJohanna Goede.
250 _32a. ed.
260 _aSanto Domingo :
_bEditora Búho,
_c2018
300 _a31 p. ;
_c21 cm.
500 _aIncluye datos biográficos de la autora en la solapa de la cubierta.
590 _aInventariado, 2025/VM
650 4 _aCuentos infantiles dominicanos
650 4 _aLiteratura infantil dominicana
700 1 _aMerette, Checo
_eilustración
910 _aVMateo V. Control de calidad BPMSU
942 _2ddc
_cBK
999 _c8120
_d8120